000 00905nam a2200181Ia 4500
008 090630s9999 xx 000 0 und d
082 _b24788
100 _aइंगळे व. न.
245 _aझेप अवकाशी अग्निपक्ष्याची डॉ. अब्दुल कलाम यांची जीवनकथा.
_cइंगळे व. न.
260 _bसाकेत - औरंगाबाद.
300 _a0
600 _aइंगळे व. न.
630 _aझेप अवकाशी अग्निपक्ष्याची डॉ. अब्दुल कलाम यांची जीवनकथा.
655 _a---
700 _aइंगळे व. न.
730 _aझेप अवकाशी अग्निपक्ष्याची डॉ. अब्दुल कलाम यांची जीवनकथा.
942 _cBOOK
999 _c276644
_d276644